000 01588nam a2200205Ia 4500
003 Ost
005 20260507075110.0
008 260507s9999||||xx |||||||||||||| ||und||
040 _cfsecg
041 _aara
082 _a330
100 _aمبارك، صلاح الدين عبد المنعم
_eمؤلف
245 0 _aبرنامج اكسل 2000 وتطبيقاتها المحاسبة /
_c صلاح الدين عبد المنعم مبارك
260 _aالاسكندرية:
_bالدار الجامعية,
_c2000
300 _a206 صفحة؛
_bإيضاحات ؛
_c24 سم
520 _aقسم هذا الكتاب إلى ستة فصول خصص الأول منها لعرض أساسيات برنامج EXCEL 2000 .وتناول الفصل الثاني الصيغ والدوال في برنامج اكسل 2000 أما الفصل لثالث فعرض لموضوع قواعد البيانات بطريقة متعمقة وتحليلية مع امثلة وتطبيقات محاسبة ملائمة في هذا المجال ، أما الفصل الرابع والخامس فقد تناولت فيها موضوع التخطيطات البيانية وتحليل "ماذا لو" وتطبيقاتهخ الحالية واختتم هذا المرجع بأهم مكوناته في الفصل السادس وهو عرض لمجموعة من التطبيقات المحاسبية المتنوعة وبيان دور المحاسب من خلال برنامج اكسل 2000 في معالجة مثل هذه التطبيقات .
653 _aاكسل 2000
653 _aالمجدول
942 _cكتاب
999 _c42871
_d42871